MARC

LEADER 00000nam0a2200000 4500
001 62934
005 20231031063909.0
035 |a (RuTPU)RU\TPU\book\66755 
090 |a 62934 
100 |a 20040422d1976 m y0rusy50 ca 
101 0 |a rus 
102 |a RU 
105 |a a j 001zy 
200 1 |a Охрана труда в машиностроении  |e учебник для машиностроительных специальностей вузов  |f Е. Я. Юдин, А. Н. Баратов, Ф. А. Барбинов и др.  |g Под ред. Е. Я. Юдина 
210 |a Москва  |c Машиностроение  |d 1976 
215 |a 335 с.  |c ил. 
320 |a Библиогр.: с. 324-327. 
320 |a Предметный указатель: с.328-332. 
451 1 |0 (RuTPU)RU\TPU\book\36226  |t Охрана труда в машиностроении  |o учебник  |f Под ред. Е. Я. Юдина, С. В. Белова  |e 2-е изд., перераб. и доп.  |c М.  |n Машиностроение  |d 1983  |p 432 с. 
610 1 |a машиностроительные заводы 
610 1 |a воздушная среда 
610 1 |a оздоровление 
610 1 |a производственное освещение 
610 1 |a шум 
610 1 |a вибрация 
610 1 |a электромагнитные поля 
610 1 |a ионизирующие излучения 
610 1 |a защита 
610 1 |a электробезопасность 
610 1 |a пожарная профилактика 
610 1 |a охрана труда 
610 1 |a учебники 
675 |a 621.002:658.382(075.8)  |v 3 
701 1 |a Юдин  |b Е. Я.  |g Евгений Яковлевич 
701 1 |a Баратов  |b А. Н. 
701 1 |a Барбинов  |b Ф. А. 
701 1 |a Долин  |b П. А. 
701 1 |a Дронов  |b В. И. 
701 1 |a Козьяков  |b А. Ф. 
702 1 |a Юдин  |b Е. Я.  |g Евгений Яковлевич  |4 340 
801 1 |a RU  |b 63413507  |c 20040422  |g PSBO 
801 2 |a RU  |b 63413507  |c 20220601  |g PSBO 
900 |a Охрана труда 
900 |a Машиностроение 
942 |c BK 
952 |a 552700  |b 120000